Lịch sử kiến trúc Phương Tây /

Cuốn sách này nhằm mục đích chính là phục vụ kịp thời nhu cầu trước mắt việc nghiên cứu, học tập môn lịch sử kiến trúc thế giới của sinh viên đại học các ngành kiến trúc và quy hoạch đô thị cùng với việc nghe giảng trên giảng đường....

全面介紹

Đã lưu trong:
書目詳細資料
主要作者: Trần Văn Khải.
格式: 圖書
語言:Vietnamese
出版: Tp.HCM : Giao thông vận tải, 2000.
主題:
標簽: 添加標簽
沒有標簽, 成為第一個標記此記錄!
Thư viện lưu trữ: Mạng thư viện Đại học Đà Nẵng
LEADER 01212cam a2200349 a 4500
001 000042900
003 775
005 20060321151057.0
008 010217b2000 vm 000 vie
020 |c 33000 
022 |a T 
040 |a IRC  |c IRC  |d IRC 
041 0 |a vie 
082 1 4 |a 720.94  |b TR-K 
100 1 |a Trần Văn Khải. 
245 1 0 |a Lịch sử kiến trúc Phương Tây /  |c Trần Văn Khải. 
260 |a Tp.HCM :  |b Giao thông vận tải,  |c 2000. 
300 |a 174 tr. ;  |c 30 cm. 
520 3 |a Cuốn sách này nhằm mục đích chính là phục vụ kịp thời nhu cầu trước mắt việc nghiên cứu, học tập môn lịch sử kiến trúc thế giới của sinh viên đại học các ngành kiến trúc và quy hoạch đô thị cùng với việc nghe giảng trên giảng đường. 
630 0 4 |a Kiến trúc phương Tây. 
630 0 4 |a Lịch sử kiến trúc. 
650 0 4 |a Kiến trúc phương tây  |x Lịch sử. 
OWN |a DUT 
999 |a From the UDN01 
TYP |a Monograph 
TYP |a Printed language 
980 |a Mạng thư viện Đại học Đà Nẵng